[Event "Nizami Ganjavi 880 years U17"]
[Site "Tornelo INT"]
[Date "2021.04.04"]
[Round "7.9"]
[White "Mertins, Ostap"]
[Black "Fizer, Marek"]
[Result "0-1"]
[WhiteElo "1273"]
[BlackElo "1828"]
[PlyCount "68"]
[EventDate "2021.04.02"]
[EventType "team-swiss (blitz)"]
[EventRounds "9"]
[EventCountry "AZE"]
[SourceTitle "EXT 2023"]
[Source "ChessBase"]
[SourceDate "2022.10.05"]
[SourceVersion "1"]
[SourceVersionDate "2022.10.05"]
[SourceQuality "1"]
[WhiteTeam "Estonia"]
[BlackTeam "Czech Republic"]
[WhiteTeamCountry "EST"]
[BlackTeamCountry "CZE"]

1. e4 c5 2. Nf3 d6 3. d4 cxd4 4. Nxd4 Nf6 5. Nc3 Nc6 6. Be3 e5 7. Nxc6 bxc6 8. Be2 Be6 9. Qd2 Be7 10. f3 0-0 11. g4 d5 12. g5 Ne8 13. exd5 cxd5 14. Nd1 d4 15. Bf2 Bxg5 16. Qd3 Qa5+ 17. c3 dxc3 18. Nxc3 Rd8 19. Qc2 Bd2+ 20. Kf1 Bh3+ 21. Kg1 Rd6 22. Ne4 Rg6+ 23. Bg3 Be3+ 24. Nf2 Qb6 25. Bd3 f5 26. Qb3+ Qxb3 27. axb3 e4 28. Bc4+ Kh8 29. f4 h5 30. Re1 Bb6 31. Rd1 h4 32. Rd7 hxg3 33. hxg3 Rxg3+ 34. Kh2 Bxf2 0-1

[Event "Nizami Ganjavi 880 years U17"]
[Site "Tornelo INT"]
[Date "2021.04.02"]
[Round "2.2"]
[White "Tenuunbold, Battulga"]
[Black "Mertins, Ostap"]
[Result "1-0"]
[WhiteElo "1753"]
[BlackElo "1273"]
[PlyCount "69"]
[EventDate "2021.04.02"]
[EventType "team-swiss (blitz)"]
[EventRounds "9"]
[EventCountry "AZE"]
[SourceTitle "EXT 2023"]
[Source "ChessBase"]
[SourceDate "2022.10.05"]
[SourceVersion "1"]
[SourceVersionDate "2022.10.05"]
[SourceQuality "1"]
[WhiteTeam "Mongolia"]
[BlackTeam "Estonia"]
[WhiteTeamCountry "MGL"]
[BlackTeamCountry "EST"]

1. d4 e6 2. c4 c5 3. d5 exd5 4. cxd5 d6 5. e4 Nf6 6. Nc3 a6 7. a4 g6 8. Nf3 Bg7 9. Bd3 0-0 10. 0-0 Nbd7 11. h3 Qc7 12. Bf4 b6 13. Re1 Bb7 14. Qd2 Rfe8 15. Rac1 Rad8 16. Bh2 h6 17. Qc2 Nh7 18. Nd2 Ne5 19. Bf1 Bc8 20. Nc4 Bd7 21. Nxe5 Bxe5 22. Bxe5 Rxe5 23. Bxa6 Ra8 24. Bf1 f5 25. exf5 Bxf5 26. Qd2 Kg7 27. Rxe5 dxe5 28. d6 Qd8 29. Qd5 Qe8 30. Bb5 Qd8 31. Qxe5+ Nf6 32. Nd5 h5 33. Re1 Qf8 34. Qe7+ Qxe7 35. Rxe7+ 1-0

[Event "EU-ch U10"]
[Site "Bratislava"]
[Date "2019.08.09"]
[Round "8"]
[White "Sahidi, Sear"]
[Black "Mertins, Ostap"]
[Result "0-1"]
[WhiteElo "1220"]
[BlackElo "1339"]
[PlyCount "72"]
[EventDate "2019.08.02"]
[EventType "swiss"]
[EventRounds "9"]
[EventCountry "SVK"]
[SourceTitle "EXT 2020"]
[Source "ChessBase"]
[SourceDate "2019.10.17"]
[SourceVersion "1"]
[SourceVersionDate "2019.10.17"]
[SourceQuality "1"]

1. e4 e6 2. d4 b6 3. Nc3 Bb7 4. Nf3 Bb4 5. Bd2 Bxc3 6. Bxc3 Bxe4 7. d5 Nf6 8. dxe6 dxe6 9. Qxd8+ Kxd8 10. Ng5 Bg6 11. 0-0-0+ Ke7 12. g3 Nbd7 13. Bg2 Rad8 14. Rd2 h6 15. Nh3 a5 16. Rhd1 Nc5 17. Nf4 Be4 18. Bxe4 Ncxe4 19. Rxd8 Rxd8 20. Rxd8 Kxd8 21. Bd4 c5 22. Be3 g5 23. Nd3 Ng4 24. f3 Nxe3 25. fxe4 Nf1 26. Ne5 f6 27. Nf7+ Ke7 28. Nxh6 Nxh2 29. Ng8+ Kf7 30. Nxf6 Kxf6 31. Kd2 b5 32. c4 b4 33. Kc2 a4 34. Kd3 Ke5 35. Ke3 Nf1+ 36. Kf3 Nd2+ 0-1